000 00678nam a22002177a 4500
003 NALT
005 20260310140656.0
008 s2558 th 1 tha d
020 _a9786167455303
040 _aNALT
041 _atha
090 _aFIC
_bว617น 2558
100 0 _aวินทร์ เลียววาริณ
_98293
245 1 0 _aน้ำเงินแท้ /
_cวินทร์ เลียววาริณ.
260 _aกรุงเทพฯ :
_b113,
_c2558.
300 _a447 หน้า ;
_c21 ซม.
650 4 _aนวนิยาย
_93785
850 _aNALT
942 _cFIC
_2local
996 _asaiphon.d
_bCATSTF
_c2026-03-10
999 _c74781
_d74781
998 _j104
_k นางสาวสายฝน ดีงาม